| 000 | 01037nam a2200229 4500 | ||
|---|---|---|---|
| 003 | KOHA_MİRAKIL | ||
| 005 | 20260415082000.0 | ||
| 008 | 260415b tu ||||| |||| 00| 0 tur d | ||
| 040 |
_aTR-AnABB _btur _cTR-AnABB |
||
| 041 | _atur | ||
| 082 |
_a307.12 _bTEK 1964 |
||
| 100 | 1 | _aTekeli, İlhan | |
| 245 | 1 | 0 |
_aRegional planning and its organization in Turkey / _cİlhan Tekeli |
| 250 | _a2. basım | ||
| 260 |
_aAnkara : _b[yayl.y.] _c1964 |
||
| 300 |
_a70 sayfa ; _c30 cm |
||
| 500 | _aKitap içerisinde Prof. Dr. Ruşen Keleş'in paragraf sonu çizimleri ve vurguları yer almaktadır. | ||
| 505 | _aİçindekiler: Development of regional planning concept in Turkey - Central planning organization and regional planning - Pilot Projeckt - General Studies - Short Term projects - Truizm sector studies - Studies for regulations - Development of regional planning department - Future regional planning projects | ||
| 650 | 0 | 4 | _aBölgesel planlama, Türkiye |
| 650 | 0 | 4 | _aBölgesel planlama |
| 942 |
_2ddc _cBK |
||
| 999 |
_c10245 _d10245 |
||
| 900 | _bCan ÇELIK | ||